000 00981cam a22002657a 4500
005 20220329141240.0
008 971010s r 00010 d
010 _a65133
011 _a66105
035 _a74057
090 _aR-57
100 0 0 _aSánchez Loera, Sergio.
_9107648
245 0 _aSelección y características de durazneros (Prunus persica L. Batsch) sometidos a tres rangos de humedad
500 _aSobretiro de : Rivista di Agricultura Subtropicale e Tropicale 81 (1-2): 147-164, 1987
590 _aBATCH-UPD
_b10
_c20130110
_lUCH01
_h0418
590 _aBATCH-UPD
_b10
_c20130110
_lUCH01
_h2210
590 _aBATCH-UPD
_b10
_c20130410
_lUCH01
_h0052
590 _aBATCH-UPD
_b10
_c20130914
_lUCH01
_h1004
590 _aCONVERSION
_b10
_c20130109
_lUCH01
_h1336
650 1 4 _aDurazno
_xHumedad.
_934607
650 1 4 _aDurazno
_xResistencia a sequía.
_934626
700 0 _aBorys, Michal Wlodzimierz.
_913960
901 _aBK
949 _aR-57
_bF
_cLIBRO
_d-6906
_eTS1
_i74057
_si
999 _c65133
_d65133